| 000 | 00708nam a22002177a 4500 | ||
|---|---|---|---|
| 999 |
_c6347 _d6347 |
||
| 003 | AR-CdUCM | ||
| 008 | 190315b ||||| |||| 00| 0 spa d | ||
| 040 |
_aMUNICIPALIDAD PROVINCIAL DEL CUSCO _cBIBLIOTECA MUNICIPAL DEL CUSCO |
||
| 082 |
_a985.02/ _bC26 |
||
| 100 |
_aCarrillo Espejo, Francisco E. _915092 |
||
| 245 |
_aDiario del Inca Garcilaso : _b(1562 - 1616) |
||
| 260 |
_aLima : _bHorizonte, _c1996. |
||
| 300 |
_a196 páginas ; _c20 cm. |
||
| 505 | _aAl lector -- Madrid -- En Sevilla dejo los huesos de mi padre -- Montilla -- Filosofías... | ||
| 650 |
_aHistoria _9136 |
||
| 650 |
_aPerú _935 |
||
| 650 |
_aVirreinato _96280 |
||
| 650 |
_aEspaña _9176 |
||
| 942 |
_2ddc _cLIBROS |
||
| 945 | _admma | ||